LEADER 00904nam0 2200289 450 001 000025119 005 20090327120541.0 010 $a88-420-6204-9 100 $a20090327d2000----km-y0itay50------ba 101 0 $aita 102 $aIT 105 $ay-------001yy 200 1 $aSottosviluppo$euna strategia di riforme$fPaolo Sylos Labini 210 $aRoma$cLaterza$d2000$aBari 215 $aXX, 205 p.$d21 cm 225 2 $aSagittari Laterza$v125 410 0$12001$aSagittari Laterza$v125 500 10$aSottosviluppo$944374 610 1 $aSviluppo economico$aTeorie 610 1 $aPaesi in via di sviluppo$aEconomia 676 $a338.9001$v21$9Sviluppo economico. Filosofia e teoria 700 1$aSylos Labini,$bPaolo$0183308 801 0$aIT$bUNIPARTHENOPE$c20090327$gRICA$2UNIMARC 912 $a000025119 951 $a112/99$b9256$cNAVA2$d2009 996 $aSottosviluppo$944374 997 $aUNIPARTHENOPE LEADER 00906nam a2200229 a 4500 001 991004010049707536 008 020 $a9780743236324 035 $ab14423091-39ule_inst 040 $aDip.to di Storia, Società e Studi sull'Uomo$bita 082 0 $a331.2816584 100 1 $aBok, Derek Curtis$0302035 245 14$aThe cost of talent :$bhow executives and professionals are paid and how it affects America /$cDerek Bok 260 $aNew York :$bFree Press,$cc1993 300 $aVII, 342 p. ;$c24 cm 650 4$aSalari [e] Stipendi$zStati Uniti d'America 907 $a.b14423091$b16-02-22$c03-11-21 912 $a991004010049707536 945 $aLE023 331.281 BOK 1 1$g1$i2023000266038$lle023$op$pE28.31$q-$rl$s- $t0$u0$v0$w0$x0$y.i1599739x$z16-02-22 996 $aCost of talent$92596575 997 $aUNISALENTO 998 $ale023$b03-11-21$cm$da $e-$feng$gus $h4$i0